[Event "?"]
[Site "?"]
[Date "????.??.??"]
[Round "?"]
[White "Mishuchkov, N."]
[Black "Rodriguez Vargas, O."]
[Result "1/2-1/2"]
[WhiteElo "2396"]
[BlackElo "2423"]
[PlyCount "69"]
[EventDate "2010.??.??"]
[WhiteTeam "St. Petersburg"]
[BlackTeam "Catalonia"]
[BlackTeamCountry "CAT"]

1. Nf3 g6 2. d4 Bg7 3. e4 d6 4. c3 Nf6 5. Bd3 Nc6 6. Bc2 O-O 7. O-O Bg4 8. Nbd2
e5 9. dxe5 Nxe5 10. h3 Nxf3+ 11. Nxf3 Be6 12. Re1 Re8 13. Bf4 Re7 14. Qd2 Qf8
15. e5 dxe5 16. Bxe5 Rd8 17. Qf4 Nd5 18. Qh4 f6 19. Bh2 Bf7 20. Rxe7 Qxe7 21.
Qd4 c5 22. Qe4 Qxe4 23. Bxe4 f5 24. Bc2 Bf6 25. Be5 Be7 26. g4 Be6 27. gxf5
gxf5 28. Kh2 Kf7 29. Rg1 Bf6 30. Ng5+ Bxg5 31. Rxg5 Nf6 32. Bxf5 Rd2 33. Bxe6+
Kxe6 34. Bxf6 Kxf6 35. Rxc5 1/2-1/2

[Event "?"]
[Site "?"]
[Date "????.??.??"]
[Round "?"]
[White "Karasev, V."]
[Black "Anguera Maestro, J."]
[Result "1-0"]
[WhiteElo "2344"]
[BlackElo "2217"]
[PlyCount "111"]
[EventDate "2010.??.??"]
[WhiteTeam "St. Petersburg"]
[BlackTeam "Catalonia"]
[BlackTeamCountry "CAT"]

1. c4 c5 2. Nf3 Nc6 3. d4 cxd4 4. Nxd4 g6 5. e4 Bg7 6. Be3 Nf6 7. Nc3 Ng4 8.
Qxg4 Nxd4 9. Qd1 Nc6 10. Qd2 Qa5 11. Rc1 O-O 12. Be2 d6 13. O-O Be6 14. Rfd1
Rac8 15. b3 f5 16. exf5 Qxf5 17. Nd5 Bxd5 18. cxd5 Ne5 19. h3 a6 20. f4 Rxc1
21. Rxc1 Nf7 22. Bg4 Qf6 23. Be6 h6 24. Rc4 b5 25. Rc6 Kh8 26. Rxa6 g5 27. f5
Qa1+ 28. Qc1 Qf6 29. Rc6 Nd8 30. Rc2 Qe5 31. Bd7 Qxd5 32. a4 bxa4 33. bxa4 e6
34. fxe6 Nxe6 35. Bxe6 Qxe6 36. a5 d5 37. Qd2 Qe5 38. Bb6 Re8 39. Rc1 d4 40.
Rd1 Ra8 41. Re1 Qd5 42. Qd3 Qd7 43. Qe4 Rf8 44. Qd3 Qd6 45. Rd1 Qb4 46. Qe4 Qd6
47. Qe2 Kh7 48. Qc2+ Kh8 49. Qc4 Kh7 50. Bc7 Qe7 51. a6 Qe3+ 52. Kh1 Ra8 53.
Bb6 Qc3 54. Qe2 Qc6 55. a7 Rh8 56. Qf3 1-0

[Event "?"]
[Site "?"]
[Date "????.??.??"]
[Round "?"]
[White "Monedero Gonzalez, J."]
[Black "Dommes, V."]
[Result "1/2-1/2"]
[WhiteElo "2100"]
[BlackElo "2297"]
[PlyCount "66"]
[EventDate "2010.??.??"]
[WhiteTeam "Catalonia"]
[BlackTeam "St. Petersburg"]
[WhiteTeamCountry "CAT"]

1. d4 Nf6 2. Nf3 g6 3. Nc3 Bg7 4. e4 d6 5. Be2 O-O 6. O-O c5 7. dxc5 dxc5 8.
Qxd8 Rxd8 9. Be3 b6 10. Rad1 Rxd1 11. Rxd1 Nc6 12. e5 Ng4 13. Bb5 Nxe3 14. fxe3
Bb7 15. Rd7 Na5 16. Rxe7 Kf8 17. Rc7 Bxf3 18. gxf3 Bxe5 19. Rd7 a6 20. Bf1 Re8
21. Rd5 Bxc3 22. bxc3 Ke7 23. f4 Nb7 24. Bg2 Rb8 25. Re5+ Kf8 26. Rd5 Rd8 27.
a4 Rxd5 28. Bxd5 Nd6 29. c4 f5 30. Kg2 Ke7 31. Kf3 Kf6 32. h4 h6 33. Kg3 h5
1/2-1/2

[Event "?"]
[Site "?"]
[Date "????.??.??"]
[Round "?"]
[White "Wahlbom, Magnus"]
[Black "Tseitlin, Mark D"]
[Result "1/2-1/2"]
[WhiteElo "2311"]
[BlackElo "2404"]
[PlyCount "89"]
[EventDate "2010.??.??"]
[WhiteTeam "Schweden 1"]
[BlackTeam "Israel"]
[BlackTeamCountry "ISR"]

1. e4 c5 2. Nf3 d6 3. d4 cxd4 4. Nxd4 Nf6 5. Nc3 a6 6. Be3 e5 7. Nb3 Be7 8. Qd2
Be6 9. O-O-O O-O 10. f3 a5 11. Bb5 Nbd7 12. Kb1 Nb6 13. Qe2 Qc7 14. g4 Nfd7 15.
a4 Rfc8 16. h4 Nc4 17. g5 Nxb2 18. Nd5 Bxd5 19. Rxd5 Nc4 20. Bc1 Ndb6 21. Rdd1
Rab8 22. Nd2 d5 23. Nxc4 dxc4 24. c3 Nxa4 25. Bxa4 b5 26. Bc2 b4 27. Ba4 bxc3+
28. Ka1 Rb4 29. Qa2 Rcb8 30. Bc2 a4 31. Rd5 Rb3 32. Rhd1 a3 33. Rd7 Qc5 34.
R1d5 Qg1 35. Rd1 Qc5 36. R1d5 Qb4 37. Rxe5 Bf8 38. Red5 Qb6 39. e5 Qg1 40. Rd1
Qg3 41. f4 Qxh4 42. Rd8 Rxd8 43. Rxd8 Qh1 44. Rd1 Qb7 45. Rd8 1/2-1/2

[Event "?"]
[Site "?"]
[Date "????.??.??"]
[Round "?"]
[White "Lederman, L."]
[Black "Malmdin, N."]
[Result "1/2-1/2"]
[WhiteElo "2291"]
[BlackElo "2281"]
[PlyCount "103"]
[EventDate "2010.??.??"]
[WhiteTeam "Israel"]
[BlackTeam "Schweden 1"]
[WhiteTeamCountry "ISR"]

1. e4 c5 2. Nf3 Nc6 3. d4 cxd4 4. Nxd4 g6 5. Nc3 Bg7 6. Be3 Nf6 7. Bc4 Qa5 8.
O-O O-O 9. Bb3 d6 10. h3 Bd7 11. f4 Nxd4 12. Bxd4 Bc6 13. Qd3 Nd7 14. Bxg7 Kxg7
15. Kh1 Qc5 16. Rfe1 Rac8 17. Qg3 b5 18. Qh4 f6 19. a3 a5 20. a4 bxa4 21. Nxa4
Qb4 22. Nc3 a4 23. Be6 Qxb2 24. Qg3 Rc7 25. Rab1 Qa3 26. Ra1 Qc5 27. Nxa4 Bxa4
28. Rxa4 Qxc2 29. Bxd7 Rxd7 30. Rd4 Rb7 31. Rg1 Rfb8 32. e5 fxe5 33. fxe5 Qc5
34. Re4 Rb1 35. Ree1 Rxe1 36. Rxe1 dxe5 37. Qxe5+ Qxe5 38. Rxe5 Kf6 39. Re3 e5
40. Kh2 Ke6 41. Kg3 Rf8 42. Ra3 Rf1 43. Ra6+ Kd5 44. Ra5+ Kd4 45. Ra4+ Kd3 46.
Ra3+ Kc4 47. Ra4+ Kd5 48. Ra5+ Ke6 49. Ra6+ Kf7 50. Ra7+ Kg8 51. Re7 Rf5 52.
Kh2 1/2-1/2

[Event "?"]
[Site "?"]
[Date "????.??.??"]
[Round "?"]
[White "Svensson, L."]
[Black "Stepak, Y."]
[Result "1/2-1/2"]
[WhiteElo "2263"]
[BlackElo "2238"]
[PlyCount "31"]
[EventDate "2010.??.??"]
[WhiteTeam "Schweden 1"]
[BlackTeam "Israel"]
[BlackTeamCountry "ISR"]

1. d4 Nf6 2. Nc3 c5 3. d5 d6 4. e4 a6 5. a4 e5 6. Be2 Be7 7. Be3 O-O 8. g4 Ne8
9. Qd2 b6 10. h4 Nc7 11. h5 Ra7 12. Bf3 Rb7 13. Nge2 b5 14. axb5 axb5 15. Ng3
b4 16. Nce2 1/2-1/2

[Event "?"]
[Site "?"]
[Date "????.??.??"]
[Round "?"]
[White "Peretz, M."]
[Black "Hallerod, R."]
[Result "1/2-1/2"]
[WhiteElo "2268"]
[BlackElo "2165"]
[PlyCount "52"]
[EventDate "2010.??.??"]
[WhiteTeam "Israel"]
[BlackTeam "Schweden 1"]
[WhiteTeamCountry "ISR"]

1. e4 e5 2. Nf3 Nc6 3. d4 exd4 4. Bc4 Bc5 5. c3 d3 6. O-O d6 7. b4 Bb6 8. Qb3
Qe7 9. a4 a5 10. b5 Ne5 11. Nxe5 dxe5 12. Ba3 Qf6 13. Nd2 Nh6 14. Bxd3 Be6 15.
Bc4 Ng4 16. Nf3 Bxc4 17. Qxc4 O-O-O 18. h3 h5 19. Bc5 Bxc5 20. Qxc5 b6 21. Qc4
Nh6 22. Rad1 Rxd1 23. Rxd1 Re8 24. Rd5 g5 25. Nd2 Qe6 26. Rd3 Rd8 1/2-1/2

[Event "?"]
[Site "?"]
[Date "????.??.??"]
[Round "?"]
[White "Westerinen, H."]
[Black "Hoen, R."]
[Result "1-0"]
[WhiteElo "2333"]
[BlackElo "2259"]
[PlyCount "53"]
[EventDate "2010.??.??"]
[WhiteTeam "Finnland"]
[BlackTeam "Norwegen 1"]
[WhiteTeamCountry "FIN"]

1. e4 e5 2. Nf3 Nf6 3. Nxe5 d6 4. Nf3 Nxe4 5. Bd3 Nf6 6. O-O Be7 7. h3 O-O 8.
c3 Nbd7 9. Bc2 Re8 10. d4 c6 11. Nbd2 Nf8 12. Re1 Ng6 13. Nf1 Be6 14. Ng5 Bd7
15. Ng3 Bf8 16. Rxe8 Qxe8 17. Bd2 d5 18. Nh5 Ne4 19. Bxe4 dxe4 20. Qe2 c5 21.
Nxe4 Kh8 22. Re1 cxd4 23. cxd4 Bc6 24. Nc3 Qxe2 25. Rxe2 Rd8 26. Be3 Rd7 27.
Rd2 1-0

[Event "?"]
[Site "?"]
[Date "????.??.??"]
[Round "?"]
[White "Ulrichsen, J."]
[Black "Hurme, H."]
[Result "1/2-1/2"]
[WhiteElo "2221"]
[BlackElo "2343"]
[PlyCount "110"]
[EventDate "2010.??.??"]
[WhiteTeam "Norwegen 1"]
[BlackTeam "Finnland"]
[BlackTeamCountry "FIN"]

1. c4 g6 2. Nc3 Bg7 3. g3 Nf6 4. Bg2 O-O 5. e3 c6 6. d4 d5 7. cxd5 cxd5 8. Qb3
e6 9. Nge2 Nc6 10. O-O Qe7 11. Bd2 Bd7 12. Rfc1 Rfc8 13. Be1 Ne8 14. Nf4 Nd6
15. Bf1 Nc4 16. Ncxd5 exd5 17. Nxd5 Qd6 18. Bxc4 Be6 19. Nf4 Bxc4 20. Rxc4 Rc7
21. Rac1 Rd7 22. Rc5 Rad8 23. Rd5 Qe7 24. Rxd7 Qxd7 25. Qc4 Qe7 26. Bc3 Qe4 27.
Qd3 Qe7 28. Qb5 h5 29. Qf1 h4 30. Nd3 hxg3 31. hxg3 Qd6 32. Nc5 Rb8 33. Qg2 b6
34. Ne4 Qd7 35. Be1 Ne7 36. Nc3 Re8 37. Bd2 Nf5 38. Qd5 Qe7 39. Nb5 Rd8 40. Qc6
a6 41. Nc3 Bxd4 42. exd4 Nxd4 43. Qe4 Qxe4 44. Nxe4 f5 45. Nf6+ Kf7 46. Rc7+
Kxf6 47. Bc3 Ke6 48. Rb7 Ne2+ 49. Kf1 Nxc3 50. Rxb6+ Kf7 51. bxc3 Rc8 52. Rxa6
Rxc3 53. Ke2 Kg7 54. a4 Ra3 55. a5 Kh6 1/2-1/2

[Event "?"]
[Site "?"]
[Date "????.??.??"]
[Round "?"]
[White "Havansi, E."]
[Black "Harestad, T.G."]
[Result "1/2-1/2"]
[WhiteElo "2240"]
[BlackElo "2215"]
[PlyCount "45"]
[EventDate "2010.??.??"]
[WhiteTeam "Finnland"]
[BlackTeam "Norwegen 1"]
[WhiteTeamCountry "FIN"]

1. c4 e5 2. Nc3 Nc6 3. g3 g6 4. Bg2 Bg7 5. e3 d6 6. Nge2 f5 7. d4 e4 8. Nf4 Nf6
9. O-O O-O 10. a3 Bd7 11. b4 g5 12. Nfd5 Ne7 13. Nxf6+ Rxf6 14. f3 exf3 15.
Bxf3 Rb8 16. Ra2 Kh8 17. Raf2 h6 18. Bg2 Qg8 19. Qd3 Be6 20. d5 Bd7 21. Bb2
Rff8 22. e4 fxe4 23. Qxe4 1/2-1/2

[Event "?"]
[Site "?"]
[Date "????.??.??"]
[Round "?"]
[White "Hjertenes, O."]
[Black "Saren, I."]
[Result "1/2-1/2"]
[WhiteElo "2201"]
[BlackElo "2207"]
[PlyCount "27"]
[EventDate "2010.??.??"]
[WhiteTeam "Norwegen 1"]
[BlackTeam "Finnland"]
[BlackTeamCountry "FIN"]

1. Nf3 Nf6 2. g3 d5 3. c4 e6 4. Bg2 Be7 5. O-O O-O 6. d4 b6 7. Nc3 Bb7 8. cxd5
Nxd5 9. Nxd5 Bxd5 10. Bf4 Nd7 11. Qd2 c5 12. dxc5 Nxc5 13. Ne5 Bxg2 14. Kxg2
1/2-1/2

[Event "?"]
[Site "?"]
[Date "2010.02.12"]
[Round "?"]
[White "Vucenovic, D."]
[Black "Weber, B."]
[Result "1-0"]
[WhiteElo "2288"]
[BlackElo "2139"]
[PlyCount "125"]
[EventDate "2010.??.??"]
[WhiteTeam "Schweiz"]
[BlackTeam "Leipzig"]
[WhiteTeamCountry "SUI"]

1. d4 d5 2. Nf3 Nf6 3. g3 c6 4. Bg2 Bf5 5. O-O e6 6. b3 Nbd7 7. Bb2 Bd6 8. c4
O-O 9. Nbd2 h6 10. Re1 Qa5 11. a3 Rfe8 12. Ne5 Qc7 13. f4 Rac8 14. c5 Be7 15.
Nxd7 Qxd7 16. e3 Rb8 17. b4 Be4 18. Qe2 Bxg2 19. Qxg2 Ra8 20. g4 Nh7 21. Nf3
Qd8 22. Rf1 Bf6 23. Bc3 b6 24. Rab1 bxc5 25. bxc5 Rb8 26. Qc2 Qc7 27. Qa4 Rb7
28. Ba5 Qd7 29. Qc2 Reb8 30. h4 e5 31. Rxb7 Rxb7 32. dxe5 Qxg4+ 33. Qg2 Qxg2+
34. Kxg2 Be7 35. Bb4 Nf8 36. Nd4 Rc7 37. Ba5 Rc8 38. Rc1 Nd7 39. Nf5 Kf8 40.
Bb4 Rb8 41. Nd4 Rc8 42. h5 Ke8 43. Nf5 Kf8 44. Kf3 Ra8 45. a4 Rb8 46. Ba5 Bxc5
47. Rxc5 Nxc5 48. Bc7 Nd7 49. Bd6+ Kg8 50. Ne7+ Kh7 51. Bxb8 Nxb8 52. f5 g6 53.
hxg6+ fxg6 54. Nxg6 Kg7 55. Kf4 c5 56. Ne7 d4 57. exd4 Kf7 58. f6 cxd4 59. Kf5
d3 60. e6+ Ke8 61. Ng6 Nd7 62. f7+ Kd8 63. e7+ 1-0

[Event "?"]
[Site "?"]
[Date "????.??.??"]
[Round "?"]
[White "Illi, H.J."]
[Black "Braun, G."]
[Result "1/2-1/2"]
[WhiteElo "2134"]
[BlackElo "2215"]
[PlyCount "25"]
[EventDate "2010.??.??"]
[WhiteTeam "Schweiz"]
[BlackTeam "Leipzig"]
[WhiteTeamCountry "SUI"]

1. d4 d6 2. Nf3 Nf6 3. Bg5 Nbd7 4. e3 e5 5. c3 Be7 6. Nbd2 O-O 7. Bc4 c6 8. O-O
Ne8 9. Bxe7 Qxe7 10. e4 Nb6 11. Bb3 Bg4 12. h3 Bh5 13. Re1 1/2-1/2

[Event "?"]
[Site "?"]
[Date "????.??.??"]
[Round "?"]
[White "Weiß, W."]
[Black "Sloth, J."]
[Result "0-1"]
[WhiteElo "2199"]
[BlackElo "2300"]
[PlyCount "72"]
[EventDate "2010.??.??"]
[WhiteTeam "Stiftg BSW/DBAG 1"]
[BlackTeam "Dänemark 1"]

1. Nf3 e6 2. g3 b5 3. Bg2 Bb7 4. d3 Nf6 5. O-O Be7 6. e4 O-O 7. Nbd2 d6 8. Qe2
c5 9. a4 b4 10. Ng5 Nc6 11. f4 Nd4 12. Qd1 Nd7 13. Ndf3 Nxf3+ 14. Nxf3 e5 15.
fxe5 Nxe5 16. Nxe5 dxe5 17. Be3 Rc8 18. b3 Bg5 19. Bf2 g6 20. Qe2 Rc7 21. Kh1
h5 22. Bg1 h4 23. gxh4 Bxh4 24. Be3 Bg5 25. Rf2 Bxe3 26. Qxe3 Qd4 27. Qe1 f6
28. Rd1 Rh7 29. Qe2 Kg7 30. Rdf1 Bc8 31. Bf3 Rh4 32. Rg1 Rfh8 33. Rfg2 g5 34.
Qd2 Rf4 35. Bd1 Bh3 36. Re2 Qxg1+ 0-1

[Event "?"]
[Site "?"]
[Date "????.??.??"]
[Round "?"]
[White "Siegmund, R."]
[Black "Kolbak, J."]
[Result "1/2-1/2"]
[WhiteElo "2134"]
[BlackElo "2344"]
[PlyCount "35"]
[EventDate "2010.??.??"]
[WhiteTeam "Stiftg BSW/DBAG 1"]
[BlackTeam "Dänemark 1"]

1. d4 b5 2. e4 Bb7 3. Nd2 a6 4. Bd3 Nf6 5. Ngf3 e6 6. O-O Be7 7. Qe2 d6 8. Rd1
O-O 9. Nf1 Nbd7 10. Ng3 Re8 11. c3 Nf8 12. a4 bxa4 13. Rxa4 a5 14. Bd2 Bc6 15.
Ra2 Qb8 16. Rda1 Ng6 17. Bc1 Qb6 18. Be3 1/2-1/2

[Event "?"]
[Site "?"]
[Date "????.??.??"]
[Round "?"]
[White "Nielsen, P.E."]
[Black "Just, J."]
[Result "1/2-1/2"]
[WhiteElo "2114"]
[BlackElo "2029"]
[PlyCount "23"]
[EventDate "2010.??.??"]
[WhiteTeam "Dänemark 1"]
[BlackTeam "Stiftg BSW/DBAG 1"]

1. c4 e5 2. Nc3 Nf6 3. g3 c6 4. Bg2 Be7 5. d4 d6 6. d5 O-O 7. Nf3 Bg4 8. Nd2 h6
9. O-O Qc7 10. Re1 Na6 11. b3 Nc5 12. Ba3 1/2-1/2

[Event "?"]
[Site "?"]
[Date "????.??.??"]
[Round "?"]
[White "Pape, M."]
[Black "Donchenko, A."]
[Result "0-1"]
[WhiteElo "2246"]
[BlackElo "2380"]
[PlyCount "86"]
[EventDate "2010.??.??"]
[WhiteTeam "Widukind 1"]
[BlackTeam "Hessen 1"]

1. d4 Nf6 2. Nc3 d5 3. Bg5 Nbd7 4. Qd3 h6 5. Bf4 a6 6. Nf3 e6 7. a3 c5 8. e3
Be7 9. Be2 b5 10. Ne5 Bb7 11. O-O O-O 12. Bf3 Nxe5 13. Bxe5 Rc8 14. Rfd1 Bd6
15. Bxd6 Qxd6 16. g3 Rfd8 17. Qf1 Qb6 18. Rd2 Ne8 19. Ne2 Nd6 20. c3 a5 21. Nf4
Nc4 22. Rc2 e5 23. Ne2 cxd4 24. exd4 e4 25. Bg4 Rc7 26. Nf4 g5 27. Ng2 Bc8 28.
Bxc8 Rcxc8 29. b3 Nd6 30. Ne3 Ne8 31. Qh3 Qe6 32. Nf5 Kh7 33. Re1 Ng7 34. g4
Nxf5 35. gxf5 Qf6 36. Qg4 b4 37. axb4 axb4 38. c4 dxc4 39. bxc4 Rxd4 40. Rxe4
b3 41. Rce2 b2 42. Re1 Rcxc4 43. Rxd4 Qxd4 0-1

[Event "?"]
[Site "?"]
[Date "????.??.??"]
[Round "?"]
[White "Rychlik, K."]
[Black "Niebling, F."]
[Result "0-1"]
[WhiteElo "2075"]
[BlackElo "2197"]
[PlyCount "108"]
[EventDate "2010.??.??"]
[WhiteTeam "Widukind 1"]
[BlackTeam "Hessen 1"]

1. Nf3 Nf6 2. d4 d5 3. c4 c6 4. Nc3 e6 5. Bg5 dxc4 6. e4 b5 7. a4 Qb6 8. e5 Nd5
9. Be2 Bb4 10. Bd2 Bxc3 11. bxc3 Nd7 12. O-O a6 13. Qc2 h6 14. Rfb1 Qc7 15.
axb5 cxb5 16. Rxb5 axb5 17. Rxa8 N7b6 18. Ra1 O-O 19. Qe4 Na4 20. Rc1 Ne7 21.
Nh4 Bb7 22. Qg4 f5 23. Qg3 Kh7 24. f4 Be4 25. Nf3 Nd5 26. Nh4 Qf7 27. Qh3 Rg8
28. Nf3 Bxf3 29. Bxf3 Rd8 30. g4 fxg4 31. Qxg4 Qg6 32. h3 Qxg4+ 33. hxg4 g6 34.
Kf2 Kg7 35. Be4 b4 36. Bxd5 Rxd5 37. Ke3 b3 38. Ke4 b2 39. Rb1 Rb5 40. f5 gxf5+
41. gxf5 Kf7 42. f6 h5 43. Kf4 Rb3 44. d5 exd5 45. Kf5 Nc5 46. Be3 Ne6 47. Bd4
Rb8 48. Be3 Rb3 49. Bd4 h4 50. Kg4 h3 51. Bg1 h2 52. Bxh2 d4 53. cxd4 Nxd4 54.
Bg1 Ne6 0-1

[Event "?"]
[Site "?"]
[Date "????.??.??"]
[Round "?"]
[White "Zunker, R."]
[Black "Völpel, G."]
[Result "1-0"]
[WhiteElo "2160"]
[BlackElo "2102"]
[PlyCount "53"]
[EventDate "2010.??.??"]
[WhiteTeam "Hessen 1"]
[BlackTeam "Widukind 1"]

1. e4 e5 2. Nf3 Nc6 3. Bb5 d6 4. c3 Bd7 5. O-O Nf6 6. Re1 Be7 7. d4 exd4 8.
cxd4 O-O 9. Nc3 Bg4 10. Be3 a6 11. Bd3 Nd7 12. h3 Bxf3 13. gxf3 Bg5 14. f4 Bh6
15. Rc1 Re8 16. Qf3 Ne7 17. Bc4 Ng6 18. e5 c6 19. Qg4 Ndf8 20. f5 Bxe3 21. fxg6
Bxf2+ 22. Kxf2 Nxg6 23. e6 Qf6+ 24. Kg1 d5 25. exf7+ Qxf7 26. Bd3 Nf4 27. Bf5
1-0

[Event "?"]
[Site "?"]
[Date "????.??.??"]
[Round "?"]
[White "Rost van Tonningen, O."]
[Black "Liebscher, H."]
[Result "0-1"]
[WhiteElo "2058"]
[BlackElo "2107"]
[PlyCount "54"]
[EventDate "2010.??.??"]
[WhiteTeam "Oranjeteam 1"]
[BlackTeam "Sachsen-Anhalt"]

1. d4 Nf6 2. Nf3 e6 3. Bf4 c5 4. e3 Qb6 5. Qc1 Nc6 6. c3 Nh5 7. Bg3 Nxg3 8.
hxg3 d5 9. Bd3 g6 10. Nbd2 cxd4 11. exd4 Bd7 12. Qb1 Bg7 13. O-O O-O 14. Re1
Rae8 15. Ne5 Nxe5 16. dxe5 f6 17. exf6 Rxf6 18. Nf3 e5 19. Rxe5 Rxe5 20. Nxe5
Qxf2+ 21. Kh2 g5 22. Bxh7+ Kh8 23. Bg6 Bf5 24. Bxf5 Rh6+ 25. Bh3 Bxe5 26. Qd3
g4 27. Rf1 Rxh3# 0-1

[Event "?"]
[Site "?"]
[Date "????.??.??"]
[Round "?"]
[White "Potthammel, J."]
[Black "Watzka, H."]
[Result "1/2-1/2"]
[WhiteElo "2117"]
[BlackElo "2296"]
[PlyCount "25"]
[EventDate "2010.??.??"]
[WhiteTeam "Mecklenburg-Vorp.1"]
[BlackTeam "Steiermark"]

1. e4 c5 2. Nf3 Nc6 3. d4 cxd4 4. Nxd4 e5 5. Nf3 Nf6 6. Bc4 Be7 7. Nc3 O-O 8.
O-O d6 9. h3 Be6 10. Qe2 Rc8 11. Bb3 h6 12. Rd1 a6 13. Be3 1/2-1/2

[Event "?"]
[Site "?"]
[Date "????.??.??"]
[Round "?"]
[White "Nickl, K."]
[Black "Wiemer, J."]
[Result "1-0"]
[WhiteElo "2183"]
[BlackElo "2136"]
[PlyCount "69"]
[EventDate "2010.??.??"]
[WhiteTeam "Steiermark"]
[BlackTeam "Mecklenburg-Vorp.1"]

1. d4 d5 2. Nf3 Nf6 3. e3 Bg4 4. c4 c6 5. Qb3 Qc7 6. Ne5 Be6 7. Nc3 dxc4 8.
Bxc4 Bxc4 9. Qxc4 e6 10. O-O Bd6 11. f4 Nbd7 12. e4 b5 13. Qe2 b4 14. Na4 Nb6
15. Nc5 O-O 16. Ned3 Nfd7 17. Na6 Qb7 18. Naxb4 a5 19. Nc2 c5 20. dxc5 Nxc5 21.
Nxc5 Bxc5+ 22. Kh1 Rfd8 23. f5 e5 24. f6 g6 25. Bh6 Qc7 26. Bg7 Nd7 27. Rac1
Bf8 28. Nb4 Qxc1 29. Rxc1 Bxg7 30. Nc6 Rf8 31. fxg7 Kxg7 32. Rd1 Nf6 33. g4
Rfe8 34. Rd6 h5 35. g5 1-0

[Event "?"]
[Site "?"]
[Date "????.??.??"]
[Round "?"]
[White "Krüger, Gerhard"]
[Black "Kratschmer, Heinz"]
[Result "1/2-1/2"]
[WhiteElo "2019"]
[BlackElo "2160"]
[PlyCount "68"]
[EventDate "2010.??.??"]
[WhiteTeam "Mecklenburg-Vorp.1"]
[BlackTeam "Steiermark"]

1. e4 c5 2. Nf3 g6 3. c4 Nc6 4. d4 cxd4 5. Nxd4 Nf6 6. Nc3 d6 7. Be2 Nxd4 8.
Qxd4 Bg7 9. Be3 O-O 10. Qd2 Qa5 11. f3 Be6 12. O-O Rfc8 13. Nd5 Qxd2 14. Bxd2
Nxd5 15. exd5 Bd4+ 16. Kh1 Bd7 17. Rac1 b5 18. cxb5 Bxb5 19. Rxc8+ Rxc8 20. Be3
Rc2 21. Bd1 Bxb2 22. Bxc2 Bxf1 23. Bxa7 Ba3 24. Kg1 Bc4 25. Bb3 Bd3 26. Kf2 Kf8
27. Ke3 Bb5 28. Kd2 Ke8 29. Kc3 Kd7 30. Bc2 f5 31. Be3 Bf1 32. g3 Ba6 33. Bd3
Bb7 34. Bc4 Kc7 1/2-1/2

[Event "?"]
[Site "?"]
[Date "????.??.??"]
[Round "?"]
[White "Wünsch, U."]
[Black "Ager, J."]
[Result "0-1"]
[WhiteElo "2101"]
[BlackElo "2223"]
[PlyCount "68"]
[EventDate "2010.??.??"]
[WhiteTeam "Dresdner Springer"]
[BlackTeam "Salzburg"]

1. d4 d6 2. Nf3 Nf6 3. c4 c6 4. Nc3 Nbd7 5. e4 e5 6. Be2 Be7 7. O-O O-O 8. h3
Qc7 9. Be3 Re8 10. Rc1 Nf8 11. b4 Ng6 12. Qd2 exd4 13. Nxd4 Bf8 14. Qc2 b6 15.
Rfd1 a6 16. a3 Bb7 17. Nf5 c5 18. f3 h6 19. Qd2 Kh7 20. Qc2 Bc8 21. g4 Bxf5 22.
gxf5 Ne5 23. b5 axb5 24. Nxb5 Qb8 25. Rd2 d5 26. f4 Nxe4 27. Rxd5 Nc6 28. Bf3
Nf6 29. Rd3 Qc8 30. Qg2 Qxf5 31. Rcd1 Rad8 32. Rxd8 Nxd8 33. Bc1 Ne6 34. Re1
Nxf4 0-1

[Event "?"]
[Site "?"]
[Date "????.??.??"]
[Round "?"]
[White "Winiwarter, F."]
[Black "Hampel, J."]
[Result "1/2-1/2"]
[WhiteElo "2195"]
[BlackElo "2126"]
[PlyCount "67"]
[EventDate "2010.??.??"]
[WhiteTeam "Salzburg"]
[BlackTeam "Dresdner Springer"]

1. e4 e6 2. d4 d5 3. e5 c5 4. c3 Nc6 5. Nf3 Bd7 6. Bd3 Qb6 7. dxc5 Bxc5 8. O-O
a5 9. Nbd2 a4 10. b4 axb3 11. Nxb3 Ba3 12. Bxa3 Rxa3 13. Qc1 Qa7 14. Qg5 g6 15.
Nfd4 Nxd4 16. Nxd4 h6 17. Qd2 Ne7 18. h4 Qc5 19. Rac1 Nf5 20. Bxf5 gxf5 21.
Rfe1 Qc4 22. Qb2 Ra7 23. Qb6 Qa6 24. Qc7 Ke7 25. Qc5+ Kd8 26. Rb1 Qa3 27. Rb4
Qa5 28. Qd6 Qc7 29. Nb5 Qxd6 30. Nxd6 Ke7 31. Reb1 f6 32. f4 fxe5 33. fxe5 Rxa2
34. Rxb7 1/2-1/2

[Event "?"]
[Site "?"]
[Date "????.??.??"]
[Round "?"]
[White "Mückan, F."]
[Black "Woeber, F."]
[Result "1/2-1/2"]
[WhiteElo "2059"]
[BlackElo "2185"]
[PlyCount "31"]
[EventDate "2010.??.??"]
[WhiteTeam "Dresdner Springer"]
[BlackTeam "Salzburg"]

1. e4 e5 2. Nf3 Nc6 3. Bb5 f5 4. d3 fxe4 5. dxe4 Nf6 6. O-O Bc5 7. Bg5 d6 8.
Nc3 O-O 9. Bc4+ Kh8 10. Nd5 Bg4 11. c3 Qd7 12. Nxf6 gxf6 13. Bh6 Rfe8 14. b4
Bb6 15. Qd3 Nd8 16. Nh4 1/2-1/2

[Event "?"]
[Site "?"]
[Date "????.??.??"]
[Round "?"]
[White "Ghijsen, P."]
[Black "Pritchett, C."]
[Result "1/2-1/2"]
[WhiteElo "2171"]
[BlackElo "2366"]
[PlyCount "48"]
[EventDate "2010.??.??"]
[WhiteTeam "V.A.S. Amsterdam"]
[BlackTeam "Schottland 1"]

1. d4 Nf6 2. Nf3 e6 3. Bf4 c5 4. c3 Nc6 5. e3 Be7 6. h3 O-O 7. Nbd2 b6 8. Be2
Bb7 9. O-O Rc8 10. Rc1 d5 11. a3 Bd6 12. Ne5 Qc7 13. Nxc6 Bxc6 14. Bxd6 Qxd6
15. Nf3 Ne4 16. Bd3 f6 17. Re1 Rfd8 18. c4 dxc4 19. Bxc4 Bd5 20. dxc5 Rxc5 21.
Bxd5 Rxd5 22. Qa4 Nc5 23. Qxa7 Rd7 24. Qa8+ Rd8 1/2-1/2

[Event "?"]
[Site "?"]
[Date "????.??.??"]
[Round "?"]
[White "Bonner, G."]
[Black "Jongsma, A."]
[Result "1-0"]
[WhiteElo "2179"]
[BlackElo "2184"]
[PlyCount "117"]
[EventDate "2010.??.??"]
[WhiteTeam "Schottland 1"]
[BlackTeam "V.A.S. Amsterdam"]

1. d4 Nf6 2. Nf3 d6 3. Bf4 Nc6 4. e3 Nh5 5. Bg5 h6 6. Bh4 g5 7. d5 Nb8 8. Bg3
Bg7 9. c3 c6 10. Bc4 Nd7 11. Nbd2 Nb6 12. e4 cxd5 13. exd5 a6 14. Bb3 Bf5 15.
Qe2 Qc7 16. Ne4 O-O-O 17. Nd4 Bg6 18. f3 Nf4 19. Bxf4 gxf4 20. a4 Kb8 21. a5
Nd7 22. O-O Nc5 23. Bc2 Be5 24. Rfc1 Rhg8 25. b4 Nxe4 26. Bxe4 Rc8 27. Qd3 Qc4
28. Bxg6 Rxg6 29. Qxc4 Rxc4 30. b5 Rxc3 31. Ne2 Rb3 32. Rab1 Rxb5 33. Rxb5 axb5
34. Rb1 Rg8 35. Rxb5 Ka7 36. Rb4 Rc8 37. Nxf4 Rc1+ 38. Kf2 Ra1 39. Nd3 Ra2+ 40.
Kg1 Bf6 41. Rb5 Bd4+ 42. Kf1 Ka6 43. Rb4 Bc3 44. Re4 Rd2 45. Nf2 Bf6 46. Ng4
Bg5 47. f4 f5 48. fxg5 fxe4 49. g6 Rxd5 50. h4 Rf5+ 51. Ke2 Rf8 52. Nxh6 Kxa5
53. g7 Rc8 54. g8=Q Rxg8 55. Nxg8 b5 56. Nxe7 b4 57. Nc6+ Kb5 58. Nxb4 Kxb4 59.
h5 1-0

[Event "?"]
[Site "?"]
[Date "????.??.??"]
[Round "?"]
[White "Oud, N."]
[Black "White, A."]
[Result "0-1"]
[WhiteElo "2038"]
[BlackElo "2123"]
[PlyCount "114"]
[EventDate "2010.??.??"]
[WhiteTeam "V.A.S. Amsterdam"]
[BlackTeam "Schottland 1"]

1. d4 d6 2. Nf3 Bg4 3. c4 Nc6 4. Nc3 Nf6 5. Bg5 h6 6. Bh4 e6 7. e3 Be7 8. Be2
O-O 9. O-O Nd7 10. Bxe7 Nxe7 11. b4 a6 12. Qb3 Qc8 13. Rfe1 c6 14. Rac1 Qb8 15.
e4 e5 16. dxe5 dxe5 17. c5 Qc7 18. Nd2 Bxe2 19. Rxe2 a5 20. a3 axb4 21. axb4
Rfd8 22. Nc4 Nf8 23. Nd6 Nc8 24. Nc4 Ne6 25. Qb2 Rd4 26. Qb3 Qe7 27. Re3 Nf4
28. g3 Qe6 29. Ne2 Nxe2+ 30. Rxe2 b5 31. cxb6 Nxb6 32. Na5 Qxb3 33. Nxb3 Rxb4
34. Nc5 Rc4 35. Rec2 Rxc2 36. Rxc2 Rc8 37. f4 exf4 38. gxf4 Kf8 39. Kf2 Ke7 40.
Kf3 Nd7 41. Nb7 c5 42. e5 g6 43. Ke4 Ke6 44. Rd2 c4 45. Rd6+ Ke7 46. f5 gxf5+
47. Kxf5 c3 48. Na5 c2 49. Nb3 c1=Q 50. Nxc1 Rxc1 51. Rxh6 Rf1+ 52. Ke4 Re1+
53. Kf4 Nxe5 54. Ra6 Ng6+ 55. Kg3 Re6 56. Ra1 f5 57. h4 Re3+ 0-1

[Event "?"]
[Site "?"]
[Date "????.??.??"]
[Round "?"]
[White "Stimpel, F."]
[Black "Walther, D."]
[Result "1/2-1/2"]
[WhiteElo "2264"]
[BlackElo "2154"]
[PlyCount "66"]
[EventDate "2010.??.??"]
[WhiteTeam "Hessen 2"]
[BlackTeam "Rheno Palatinat"]

1. d4 d5 2. c4 Bf5 3. cxd5 Bxb1 4. Qa4+ c6 5. Rxb1 Qxd5 6. Nf3 e6 7. Bd2 Nf6 8.
e3 Nbd7 9. Qc2 Be7 10. Bd3 O-O 11. O-O Rfe8 12. b4 Rac8 13. Bc3 Qh5 14. e4 Nf8
15. Ne5 Bd6 16. Be2 Qh4 17. f4 Bxe5 18. dxe5 Ng4 19. Bxg4 Qxg4 20. Rf3 Red8 21.
Rbf1 Qh4 22. f5 exf5 23. Rf4 Qh6 24. exf5 Rd5 25. Qf2 Rd3 26. Bd2 Rcd8 27. Be3
b6 28. h3 Qg5 29. Re4 Qe7 30. Qf3 R8d5 31. f6 Qe6 32. fxg7 Ng6 33. Qf6 Rd8
1/2-1/2